000 01330cam a2200217 4500
001 ##L131739
008 051202n2005 000 0 eng u
035 _a(Sirsi) u131739
041 0 _aeng
050 0 4 _a346.4104342 $2 18
110 1 _aUnited Kingdom
_bOffice of the Deputy Prime Minister
245 0 0 _aTenancy deposit protection
_bconsultation on secondary legislation
260 _aLondon
_bODPM
_c2005
520 _aOne of a series of consultation papers on the implementation of provisions set out in the Housing Act 2004. The powers in the Act relating to tenancy deposit schemes require secondary legislation to be brought into force. Sets out how the powers in the primary legislation are intended to operate and how these will be implemented. Considers a number of practical issues to be considered prior to implementation which will be tackled through secondary legislation. Responses are required by 1 February 2006.
590 _aIKA061205
650 2 4 _aHOUSING ACT 2004
690 _aPROPERTY-RESIDENTIAL PROPERTY-RESIDENTIAL LANDLORD AND TENANT-RESIDENTIAL TENANCIES
710 1 _aWales
_bNational Assembly for Wales
_94836
856 4 0 _uhttps://www.communities.gov.uk/archived/publications/housing/tenancydepositprotection
_zView the consultation free of charge at www.communities.gov.uk...
942 _n0
999 _c104818
_d104818